00877nam a2200253Ia 4500008004100000020001300041040004900054041000800103082001700111100001600128245009100144246002600235260007200261300004600333504005300379650002300432650002800455650002600483650002300509650001500532650002600547650002600573700002400599130821s1996 xxuab gr eng  a60465875 aCo-BoUCMbspacJavier GarzóndHenry Ríos00aeng04a808.04272201 aTalese, Gay10aWriting creative nonfiction the literature of realitycGay Talese, Barbara Lounsberry30aLiterature of reality aNueva York (Estados Unidos)bHarperCollins College Publishersc1996 aviii, 339 páginasbilustraciones, mapas aIncluye referencias bibliográficas e índices07aEscritura creativa07aExposición (Retorica)07aLectores académicos07aLiteratura inglesa07aLiteratura07aPeriodismoxAutoría07aReportajesxAutoría1 aLounsberry, Barbara